[Event "12th KIIT International 2019"]
[Site "Odisha"]
[Date "2019.06.01"]
[Round "2.15"]
[White "Lugovskoy, Maxim"]
[Black "Manish Kumar (2006)"]
[Result "0-1"]
[WhiteElo "2451"]
[BlackElo "1973"]
[Annotator "ChessBase"]
[PlyCount "74"]
[EventDate "2019.01.18"]
[EventType "swiss"]
[EventCountry "IND"]
[SourceTitle "playchess.com"]
[Source "ChessBase"]
[SourceQuality "1"]
[TimeControl "5400+30"]

1. e4 {[%emt 0:08:03]} e5 {[%emt 0:00:00]} 2. Nf3 {[%emt 0:00:29]} Nc6 {[%emt 0:00:00]} 3. Nc3 {[%emt 0:01:07]} Nf6 {[%emt 0:00:01]} 4. d4 {[%emt 0:00:07]} exd4 {[%emt 0:00:08]} 5. Nxd4 {[%emt 0:00:05]} Bb4 {[%emt 0:00:06]} 6. Nxc6 {[%emt 0:00:03]} bxc6 {[%emt 0:00:05]} 7. Bd3 {[%emt 0:00:04]} d5 {[%emt 0:00:06]} 8. exd5 {[%emt 0:00:05]} cxd5 {[%emt 0:00:30]} 9. O-O {[%emt 0:00:30]} O-O {[%emt 0:00:30]} 10. h3 {[%emt 0:00:30]} c5 {[%emt 0:00:30]} 11. Qf3 {[%emt 0:00:30]} Be6 {[%emt 0:04:25]} 12. Rd1 {[%emt 0:00:30]} Qe7 13. Bf1 {[%emt 0:00:30]} h6 {[%emt 0:01:00]} 14. Bf4 {[%emt 0:00:30]} Rad8 {[%emt 0:00:30]} 15. Nb5 {[%emt 0:00:30]} Ba5 {[%emt 0:00:30]} 16. c3 {[%emt 0:00:30]} Bb6 {[%emt 0:00:30]} 17. Bd3 {[%emt 0:00:30]} a6 {[%emt 0:00:30]} 18. Na3 {[%emt 0:00:30]} c4 {[%emt 0:00:30]} 19. Bc2 {[%emt 0:00:30]} d4 {[%emt 0:00:30]} 20. Re1 {[%emt 0:00:30]} dxc3 {[%emt 0:00:30]} 21. Nxc4 {[%emt 0:00:30]} cxb2 {[%emt 0:00:30]} 22. Rab1 {[%emt 0:00:30]} Bd4 {[%emt 0:00:30]} 23. Nxb2 {[%emt 0:00:30]} Qc5 {[%emt 0:00:30]} 24. Bb3 {[%emt 0:00:30]} Bxb3 {[%emt 0:00:30]} 25. axb3 {[%emt 0:00:30]} Qf5 {[%emt 0:00:30]} 26. Nc4 {[%emt 0:00:30]} Nd5 {[%emt 0:00:30]} 27. Be3 {[%emt 0:00:30]} Qxf3 {[%emt 0:00:30]} 28. gxf3 {[%emt 0:00:30]} Nb4 {[%emt 0:00:30]} 29. Red1 {[%emt 0:00:30]} Nc6 {[%emt 0:00:30]} 30. Kg2 {[%emt 0:00:30]} Bf6 {[%emt 0:00:30]} 31. Nd6 {[%emt 0:00:30]} Be7 {[%emt 0:00:30]} 32. Nf5 {[%emt 0:00:30]} Bf6 {[%emt 0:00:30]} 33. Rdc1 {[%emt 0:00:30]} Ne5 {[%emt 0:00:30]} 34. Rc7 {[%emt 0:00:30]} Rfe8 {[%emt 0:00:30]} 35. Ra7 {[%emt 0:00:30]} Re6 {[%emt 0:00:30]} 36. Re1 {[%emt 0:00:30]} Rd7 {[%emt 0:00:30]} 37. Ra8+ {[%emt 0:00:30]} Kh7 {[%emt 0:00:30]} 0-1

[Event "12th KIIT International 2019"]
[Site "Odisha"]
[Date "2019.06.01"]
[Round "2.16"]
[White "Kadam Om Manish"]
[Black "Khusenkhojaev, Muhammad"]
[Result "0-1"]
[WhiteElo "1979"]
[BlackElo "2446"]
[Annotator "ChessBase"]
[PlyCount "53"]
[EventDate "2019.01.18"]
[EventType "swiss"]
[EventCountry "IND"]
[SourceTitle "playchess.com"]
[Source "ChessBase"]
[SourceQuality "1"]
[TimeControl "5400+30"]

1. e4 {[%emt 0:00:00]} e5 {[%emt 0:07:19]} 2. Nf3 {[%emt 0:00:16]} Nc6 {[%emt 0:00:07]} 3. Bb5 {[%emt 0:01:03]} a6 {[%emt 0:00:20]} 4. Ba4 {[%emt 0:00:10]} Nf6 {[%emt 0:00:08]} 5. O-O {[%emt 0:01:16]} Be7 {[%emt 0:00:06]} 6. Re1 {[%emt 0:00:26]} b5 {[%emt 0:00:18]} 7. Bb3 {[%emt 0:00:18]} d6 {[%emt 0:00:28]} 8. c3 {[%emt 0:00:49]} O-O {[%emt 0:00:08]} 9. h3 {[%emt 0:00:08]} Na5 {[%emt 0:00:12]} 10. Bc2 {[%emt 0:00:14]} c5 {[%emt 0:00:09]} 11. d4 {[%emt 0:00:28]} Qc7 {[%emt 0:00:15]} 12. Nbd2 {[%emt 0:00:34]} cxd4 {[%emt 0:01:04]} 13. cxd4 {[%emt 0:00:16]} Bb7 {[%emt 0:00:17]} 14. Nf1 {[%emt 0:05:17]} Rfc8 {[%emt 0:05:25]} 15. Bd3 {[%emt 0:01:18]} Nc6 {[%emt 0:01:43]} 16. Ng3 {[%emt 0:08:04]} Nb4 {[%emt 0:00:42]} 17. Bg5 {[%emt 0:16:58]} h6 {[%emt 0:05:00]} 18. Rc1 {[%emt 0:05:12]} Qd8 {[%emt 0:14:24]} 19. Rxc8 {[%emt 0:02:04]} Rxc8 {[%emt 0:00:59]} 20. Bxf6 {[%emt 0:01:02]} Bxf6 {[%emt 0:00:15]} 21. Bb1 {[%emt 0:01:18]} exd4 {[%emt 0:03:15]} 22. Qd2 {[%emt 0:03:14]} Nc6 {[%emt 0:01:31]} 23. Nf5 {[%emt 0:00:14]} Ne5 {[%emt 0:01:08]} 24. N5xd4 {[%emt 0:01:41]} Nc4 {[%emt 0:01:21]} 25. Qe2 {[%emt 0:00:15]} Qb6 {[%emt 0:01:24]} 26. Rd1 {[%emt 0:03:31]} Re8 {[%emt 0:02:28]} 27. Nf5 0-1

[Event "12th KIIT International 2019"]
[Site "Odisha"]
[Date "2019.06.01"]
[Round "2.17"]
[White "Shyaamnikhil P"]
[Black "Jayachandra Srinivas Vellanki"]
[Result "1-0"]
[WhiteElo "2434"]
[BlackElo "1893"]
[Annotator "ChessBase"]
[PlyCount "57"]
[EventDate "2019.01.18"]
[EventType "swiss"]
[EventCountry "IND"]
[SourceTitle "playchess.com"]
[Source "ChessBase"]
[SourceQuality "1"]
[TimeControl "5400+30"]

1. Nf3 {[%emt 0:00:42]} g6 {[%emt 0:01:35]} 2. e4 {[%emt 0:01:06]} c5 {[%emt 0:02:07]} 3. c4 {[%emt 0:06:05]} Bg7 {[%emt 0:03:16]} 4. d4 {[%emt 0:00:09]} cxd4 {[%emt 0:00:17]} 5. Nxd4 {[%emt 0:00:05]} Nc6 {[%emt 0:01:09]} 6. Be3 {[%emt 0:00:10]} Nf6 {[%emt 0:01:23]} 7. Nc3 {[%emt 0:00:07]} Ng4 {[%emt 0:06:18]} 8. Qxg4 {[%emt 0:00:11]} Nxd4 {[%emt 0:00:05]} 9. Qd1 {[%emt 0:00:09]} Nc6 {[%emt 0:00:32]} 10. Qd2 {[%emt 0:00:09]} O-O {[%emt 0:01:30]} 11. Be2 {[%emt 0:01:42]} d6 {[%emt 0:00:09]} 12. O-O {[%emt 0:00:12]} Be6 {[%emt 0:02:07]} 13. Rac1 {[%emt 0:01:56]} Qa5 {[%emt 0:04:27]} 14. Rfd1 {[%emt 0:02:36]} Rfc8 {[%emt 0:02:59]} 15. f4 {[%emt 0:01:47]} a6 {[%emt 0:16:28]} 16. b3 {[%emt 0:12:11]} b5 {[%emt 0:11:28]} 17. Nd5 {[%emt 0:01:04]} Qxd2 {[%emt 0:00:37]} 18. Rxd2 {[%emt 0:00:07]} Bxd5 {[%emt 0:01:09]} 19. exd5 {[%emt 0:00:41]} Na5 {[%emt 0:01:54]} 20. Rdc2 {[%emt 0:03:17]} bxc4 {[%emt 0:01:39]} 21. b4 {[%emt 0:00:10]} Nb7 {[%emt 0:01:13]} 22. Rxc4 {[%emt 0:00:09]} Rcb8 {[%emt 0:03:33]} 23. Rc7 {[%emt 0:06:26]} Bf6 24. Bg4 {[%emt 0:00:30]} Nd8 25. Rc8 {[%emt 0:00:30]} e6 26. dxe6 {[%emt 0:00:30]} fxe6 27. Bxe6+ {[%emt 0:00:30]} Kg7 28. R1c7+ {[%emt 0:00:30]} Kh8 29. Bd5 {[%emt 0:00:30]} 1-0

[Event "12th KIIT International 2019"]
[Site "Odisha"]
[Date "2019.06.01"]
[Round "2.18"]
[White "Dhyana Patel"]
[Black "Muthaiah AL"]
[Result "1/2-1/2"]
[WhiteElo "1911"]
[BlackElo "2427"]
[Annotator "ChessBase"]
[PlyCount "73"]
[EventDate "2019.01.18"]
[EventType "swiss"]
[EventCountry "IND"]
[SourceTitle "playchess.com"]
[Source "ChessBase"]
[SourceQuality "1"]
[TimeControl "5400+30"]

1. e4 {[%emt 0:00:00]} c5 {[%emt 0:00:36]} 2. Nf3 {[%emt 0:00:28]} a6 {[%emt 0:00:48]} 3. d4 {[%emt 0:02:10]} cxd4 {[%emt 0:00:46]} 4. Nxd4 {[%emt 0:00:03]} Nf6 {[%emt 0:00:22]} 5. Nc3 {[%emt 0:02:23]} e5 {[%emt 0:00:21]} 6. Nf3 {[%emt 0:03:14]} Bb4 {[%emt 0:00:27]} 7. Bd2 {[%emt 0:01:34]} O-O {[%emt 0:01:35]} 8. Bd3 {[%emt 0:03:39]} Nc6 {[%emt 0:19:13]} 9. O-O {[%emt 0:02:26]} h6 {[%emt 0:04:20]} 10. Nd5 {[%emt 0:03:01]} Bxd2 {[%emt 0:00:18]} 11. Nxf6+ {[%emt 0:03:38]} Qxf6 {[%emt 0:00:37]} 12. Nxd2 {[%emt 0:01:43]} Ne7 {[%emt 0:07:01]} 13. Nc4 {[%emt 0:04:26]} b5 {[%emt 0:02:47]} 14. Ne3 {[%emt 0:01:26]} Bb7 {[%emt 0:00:33]} 15. a4 {[%emt 0:00:32]} b4 {[%emt 0:06:55]} 16. a5 {[%emt 0:01:02]} d5 {[%emt 0:01:03]} 17. exd5 {[%emt 0:00:16]} Nxd5 {[%emt 0:00:26]} 18. Nxd5 {[%emt 0:00:29]} Bxd5 {[%emt 0:00:02]} 19. Bh7+ {[%emt 0:00:32]} Kxh7 {[%emt 0:00:09]} 20. Qxd5 {[%emt 0:00:02]} Rac8 {[%emt 0:02:14]} 21. Qe4+ {[%emt 0:02:44]} Kg8 {[%emt 0:06:43]} 22. Rfe1 {[%emt 0:10:31]} Rfd8 {[%emt 0:06:08]} 23. Rad1 Rxd1 {[%emt 0:00:30]} 24. Rxd1 Qc6 {[%emt 0:00:30]} 25. Qxb4 Qxc2 {[%emt 0:00:30]} 26. Re1 Rc5 {[%emt 0:00:30]} 27. Qb8+ Kh7 {[%emt 0:00:30]} 28. Qb7 Qe2 {[%emt 0:00:30]} 29. Qb4 Qb5 {[%emt 0:00:30]} 30. Qe4+ g6 {[%emt 0:00:30]} 31. h4 Qxb2 {[%emt 0:00:30]} 32. h5 Rxa5 {[%emt 0:00:30]} 33. hxg6+ fxg6 {[%emt 0:00:30]} 34. Qc6 Ra1 {[%emt 0:00:30]} 35. Qd7+ Kg8 {[%emt 0:00:30]} 36. Qe8+ Kg7 {[%emt 0:00:30]} 37. Qe7+ 1/2-1/2

[Event "12th KIIT International 2019"]
[Site "Odisha"]
[Date "2019.06.01"]
[Round "2.19"]
[White "Das, Sayantan"]
[Black "Anisuzzaman, Jewel"]
[Result "1-0"]
[WhiteElo "2419"]
[BlackElo "1936"]
[Annotator "ChessBase"]
[PlyCount "61"]
[EventDate "2019.01.18"]
[EventType "swiss"]
[EventCountry "IND"]
[SourceTitle "playchess.com"]
[Source "ChessBase"]
[SourceQuality "1"]
[TimeControl "5400+30"]

1. e4 {[%emt 0:00:00]} c6 {[%emt 0:00:03]} 2. d4 {[%emt 1:31:00]} d5 {[%emt 0:01:46]} 3. Nd2 {[%emt 0:00:00]} dxe4 {[%emt 0:00:13]} 4. Nxe4 {[%emt 0:00:00]} Bf5 {[%emt 0:00:36]} 5. Ng3 {[%emt 0:00:00]} Bg6 {[%emt 0:00:01]} 6. h4 {[%emt 0:00:00]} h6 {[%emt 0:00:46]} 7. Nh3 {[%emt 0:00:00]} e6 {[%emt 0:02:34]} 8. Nf4 {[%emt 0:00:00]} Bh7 {[%emt 0:00:33]} 9. Bc4 {[%emt 0:00:00]} Nf6 {[%emt 0:03:51]} 10. Qe2 {[%emt 0:00:00]} Be7 {[%emt 0:04:30]} 11. Bxe6 {[%emt 0:00:00]} O-O {[%emt 0:08:19]} 12. Bb3 {[%emt 0:00:00]} Qxd4 {[%emt 0:03:54]} 13. Qxe7 {[%emt 0:00:00]} Nbd7 {[%emt 0:11:16]} 14. c3 {[%emt 0:00:00]} Qb6 {[%emt 0:08:21]} 15. O-O {[%emt 0:00:00]} Rae8 {[%emt 0:10:46]} 16. Qb4 {[%emt 0:00:00]} Qc7 {[%emt 0:00:33]} 17. Nh3 {[%emt 0:00:00]} c5 {[%emt 0:03:58]} 18. Bf4 Qc6 {[%emt 0:00:30]} 19. Qa5 b6 {[%emt 0:00:30]} 20. Qa6 Rd8 {[%emt 0:00:30]} 21. Rad1 Qa8 {[%emt 0:00:30]} 22. Bd6 Rfe8 {[%emt 0:00:30]} 23. Nf4 Ne5 {[%emt 0:00:30]} 24. Bxe5 Rxe5 {[%emt 0:00:30]} 25. Rxd8+ Qxd8 {[%emt 0:00:30]} 26. Qxa7 Re7 {[%emt 0:00:30]} 27. Qa6 Rd7 {[%emt 0:00:30]} 28. Re1 Rd2 {[%emt 0:00:30]} 29. Qc4 Qc7 {[%emt 0:00:30]} 30. Nd5 Rxd5 {[%emt 0:00:30]} 31. Qxd5 1-0

[Event "12th KIIT International 2019"]
[Site "Odisha"]
[Date "2019.06.02"]
[Round "3.1"]
[White "Pradeep Kumar R A"]
[Black "Iturrizaga Bonelli, Eduardo"]
[Result "0-1"]
[WhiteElo "2296"]
[BlackElo "2637"]
[Annotator "TA"]
[PlyCount "82"]
[EventDate "2019.01.18"]
[EventType "swiss"]
[EventCountry "IND"]
[SourceTitle "playchess.com"]
[Source "ChessBase"]
[SourceQuality "1"]

{[%evp 16,82,21,7,5,1,0,0,0,2,14,-6,-5,0,-2,-5,0,-20,-12,-18,0,-5,0,0,0,0,0,0,0,-22,-19,-26,-22,-59,-9,-50,0,0,0,0,0,-27,-27,-29,-36,-30,-30,-79,-85,-90,-91,-86,-85,-92,-89,-91,-100,-105,-108,-132,-120,-172,-167,-189,-184,-212,-201,-174,-174]} 1. Nf3 g6 2. c4 Bg7 3. d4 e6 4. g3 Ne7 5. Bg2 d5 6. O-O O-O 7. Nc3 Nbc6 8. cxd5 exd5 9. Bf4 Bg4 {A13: English Opening: 1...e6} 10. Ne5 Nxe5 11. Bxe5 c6 {The position is equal.} (11... Bxe5 12. dxe5 c6 13. Qd2 Re8 14. Rfd1 Qc7 15. Qf4 Qc8 16. Rac1 Qf5 17. Qb4 {½-½ (41) Zwardon,V (2452)-Yuffa,D (2582) Skopje 2019}) 12. Bxg7 Kxg7 13. b4 h5 $146 ({Predecessor:} 13... a6 14. a4 Be6 15. Qd2 Nf5 16. b5 Nd6 17. bxc6 bxc6 {0-1 (40) Chigladze,I (2390)-Zarkua,D (2446) Tbilisi 2012}) 14. Qd2 Qd7 15. Rfe1 Rad8 16. Qf4 Rfe8 17. Rab1 Bf5 18. Rb2 a6 19. Na4 Nc8 20. Nc5 Qe7 21. Rb3 {[%cal Bb2b3,Bb3e3,Be3e5][%mdl 32]} Nd6 22. Re3 Qf6 23. Re5 Rh8 24. Qc1 Bc8 25. h4 Nc4 (25... b6 $5 {[%cal Rb6c5]} 26. Nd3 Nc4 $15) 26. Ne4 $1 {[%cal Re4f6]} dxe4 27. Qxc4 Rhe8 28. Qc3 Rxe5 29. dxe5 Qf5 30. a3 Be6 31. Qc2 Rd4 32. e3 Rd3 33. Qb2 Rd5 {[%cal Bd3d5,Bd5e5,Be5e7][%mdl 32]} 34. Qc2 Rxe5 35. Qc3 Qf6 36. Qd4 Bd5 37. a4 Re7 38. Qxf6+ (38. Qc5 $17 {was necessary.}) 38... Kxf6 $19 {Black is clearly better.} 39. Bf1 Ke5 40. a5 Be6 41. Rc1 Rd7 {Accuracy: White = 58%, Black = 78%.} 0-1

[Event "12th KIIT International 2019"]
[Site "Odisha"]
[Date "2019.06.02"]
[Round "3.2"]
[White "Amonatov, Farrukh"]
[Black "Ziatdinov, Raset"]
[Result "1-0"]
[WhiteElo "2624"]
[BlackElo "2249"]
[Annotator "RC"]
[PlyCount "67"]
[EventDate "2019.01.18"]
[EventType "swiss"]
[EventCountry "IND"]
[SourceTitle "playchess.com"]
[Source "ChessBase"]
[SourceQuality "1"]
[TimeControl "5400+30"]

1. e4 {[%emt 0:00:00]} c5 {[%emt 0:00:00]} 2. Nf3 {[%emt 0:00:09]} e6 {[%emt 0:00:00]} 3. d4 {[%emt 0:00:06]} cxd4 {[%emt 0:00:00]} 4. Nxd4 {[%emt 0:00:07]} Nf6 {[%emt 0:00:00]} 5. Nc3 {[%emt 0:00:06]} Bb4 {[%emt 0:00:00]} 6. e5 {[%emt 0:00:15]} Ne4 {[%emt 0:00:00]} 7. Qd3 {[%emt 0:03:54]} Qc7 {[%emt 0:02:07]} 8. Qxe4 {[%emt 0:24:33]} Bxc3+ {[%emt 0:00:08]} 9. bxc3 {[%emt 0:00:04]} Qxc3+ {[%emt 0:00:06]} 10. Kd1 {[%emt 0:00:02]} Qxa1 {[%emt 0:01:30]} 11. Nb5 {[%emt 0:00:08]} d5 {[%emt 0:06:07]} 12. Qb4 {[%emt 0:13:23]} Nc6 {[%emt 0:03:41]} 13. Nc7+ {[%emt 0:03:17]} Kd8 {[%emt 0:00:18]} 14. Qd6+ {[%emt 0:00:05]} Bd7 {[%emt 0:00:08]} 15. Nxa8 {[%emt 0:00:04]} Qxe5 {[%emt 0:00:43]} 16. Bf4 {[%emt 0:07:21]} Qxd6 {[%emt 0:22:11]} 17. Bxd6 {[%emt 0:01:01]} Bc8 {[%emt 0:00:16]} 18. Nc7 {[%emt 0:00:28]} Kd7 {[%emt 0:00:32]} 19. Bg3 {[%emt 0:00:06]} a6 {[%emt 0:00:19]} 20. Na8 {[%emt 0:00:05]} e5 {[%emt 0:01:54]} 21. Nb6+ {[%emt 0:02:59]} Kd6 {[%emt 0:00:40]} 22. Nxc8+ {[%emt 0:01:02]} Rxc8 {[%emt 0:00:03]} 23. c3 {[%emt 0:02:21]} f5 {[%emt 0:01:52]} 24. f3 {[%emt 0:04:04]} f4 {[%emt 0:01:09]} 25. Bh4 {[%emt 0:02:43]} Na5 {[%emt 0:13:25]} 26. Be1 {[%emt 0:09:22]} e4 {[%emt 0:02:34]} 27. g3 {[%emt 0:00:38]} g5 {[%emt 0:01:33]} 28. h4 {[%emt 0:01:15]} h6 {[%emt 0:00:14]} 29. hxg5 {[%emt 0:00:12]} hxg5 {[%emt 0:00:02]} 30. Rh6+ {[%emt 0:00:44]} Ke5 {[%emt 0:08:02]} 31. Rh5 {[%emt 0:00:44]} Nc4 {[%emt 0:01:27]} 32. Rxg5+ {[%emt 0:01:05]} Kf6 {[%emt 0:00:10]} 33. gxf4 {[%emt 0:00:05]} exf3 {[%emt 0:00:47]} 34. Bf2 {[%emt 0:00:13]} 1-0

[Event "12th KIIT International 2019"]
[Site "Odisha"]
[Date "2019.06.02"]
[Round "3.3"]
[White "Turov, Maxim"]
[Black "Deshmukh, Anup"]
[Result "1-0"]
[WhiteElo "2579"]
[BlackElo "2229"]
[Annotator "TA"]
[PlyCount "62"]
[EventDate "2019.01.18"]
[EventType "swiss"]
[EventCountry "IND"]
[SourceTitle "playchess.com"]
[Source "ChessBase"]
[SourceQuality "1"]

{[%evp 12,62,26,4,42,47,45,50,50,47,54,35,62,37,54,43,45,49,34,14,8,12,9,8,14,3,0,0,8,3,24,13,27,18,39,14,30,15,117,132,97,94,149,29,8,25,164,172,216,210,243,0,31]} 1. d4 Nf6 2. c4 g6 3. g3 c6 4. Nf3 Bg7 5. Bg2 O-O 6. O-O d5 7. Qb3 Nbd7 {D78: Fianchetto Grünfeld: 6 0-0 c6} (7... Qb6 8. Nc3 Rd8 9. Bd2 dxc4 10. Qxc4 Be6 11. Qa4 Bf5 12. Rfe1 Ne4 13. Nxe4 Bxe4 14. Ba5 Qa6 15. Qa3 Re8 16. Bf1 c5 17. dxc5 Bxb2 {½-½ (17) Ding,L (2813)-Nepomniachtchi,I (2763) Wijk aan Zee 2019}) 8. cxd5 cxd5 9. Bf4 Nb6 {White is slightly better.} 10. Rc1 Bg4 $146 ({Predecessor:} 10... Bf5 11. Na3 Ne8 12. Nb5 Be4 13. Nc7 {½-½ (13) Vestby Ellingsen,M (2429)-Mihajlov,S (2385) Sarpsborg 2018}) 11. a4 Nh5 12. Bg5 h6 13. Bd2 Nc4 14. Bc3 Qd7 15. Qd1 Bxf3 16. Bxf3 Nf6 17. b3 Nd6 18. Qd3 h5 19. Nd2 {[%cal Bb1d2,Bd2f3,Bf3e5][%mdl 32]} Bh6 20. e3 h4 21. Bb4 hxg3 22. hxg3 Nf5 23. Bg2 Kg7 24. Nf3 Rh8 (24... Qe6 $11 {keeps the balance.}) 25. Ne5 $36 {[%mdl 2048] White is on the roll.} Qe6 26. Rc7 Qb6 (26... a5 $142) 27. Rxe7 ({Only move:} 27. Qc3 $16 Qe6 28. Rxb7) 27... Nxe7 $11 28. Bxe7 Qe6 {[#]} (28... Ng8 $1 $11 29. Bc5 Qe6) 29. Bxf6+ $1 $18 Kxf6 30. Qb5 $1 {[%csl LRb7,LRd5][%mdl 64] Double Attack} Rhd8 31. Rc1 $2 (31. Qxb7 $18 {aiming for Bh3!} Bf8 {[#]} 32. Bh3 $1 {[%mdl 512]}) 31... a6 {Accuracy: White = 53%, Black = 33%.} 1-0

[Event "12th KIIT International 2019"]
[Site "Odisha"]
[Date "2019.06.02"]
[Round "3.4"]
[White "Raahul V S"]
[Black "Petrosyan, Manuel"]
[Result "1/2-1/2"]
[WhiteElo "2292"]
[BlackElo "2573"]
[Annotator "TA"]
[PlyCount "94"]
[EventDate "2019.01.18"]
[EventType "swiss"]
[EventCountry "IND"]
[SourceTitle "playchess.com"]
[Source "ChessBase"]
[SourceQuality "1"]

{[%evp 23,94,0,4,-16,0,0,-1,-12,16,18,18,16,13,13,0,17,17,20,26,20,10,20,121,0,17,19,129,128,40,13,225,215,437,443,384,376,379,350,365,364,382,378,387,356,358,364,363,363,379,375,367,276,252,225,231,176,166,162,168,149,150,154,127,12,12,12,12,12,25,0,0,-238,153]} 1. c4 e6 2. Nf3 Nf6 3. g3 d5 4. Bg2 Be7 5. O-O O-O 6. b3 b6 7. Bb2 Bb7 8. e3 dxc4 9. bxc4 c5 10. Qe2 Nc6 11. d3 Qc7 12. Nc3 a6 13. Rad1 {A14: English Opening: 1...e6 with b3 by White} (13. Rfd1 Rfd8 14. Rab1 Rab8 15. Ba1 Ba8 16. Ne1 Na7 17. Bxa8 Rxa8 18. g4 Rab8 19. g5 Ne8 20. h4 b5 21. Qg4 bxc4 22. Rxb8 Qxb8 23. Qxc4 {½-½ (40) Bukavshin,I (2648)-Lysyj,I (2677) Sochi 2015}) 13... Rfd8 14. Ne1 Na7 15. a4 $146 {The position is equal.} ({Predecessor:} 15. f4 b5 16. Nf3 bxc4 17. dxc4 {½-½ (37) Gentes,K (2303)-Nekrasov,M (2406) Edmonton 2006}) 15... Nc6 16. g4 Nb4 17. g5 Bxg2 18. Nxg2 Ne8 19. f4 Qc6 20. h4 Nd6 21. e4 b5 22. f5 bxa4 (22... bxc4 $11 23. dxc4 Rab8) 23. Nf4 (23. fxe6 $16 fxe6 24. Nf4) 23... exf5 $11 24. Ncd5 $36 {[%mdl 2048] White has good play.} Nxd5 (24... Qb7 $11) 25. Nxd5 $16 ({Stronger than} 25. exd5 Qd7 $15) 25... Bf8 26. exf5 {Black must now prevent g6!} Re8 $2 (26... Nb5 $1 $11 {and Black stays safe.}) 27. Qg2 $18 Qb7 $2 (27... Kh8 {is a better defense.} 28. h5 a3) 28. h5 Rab8 29. Bc3 Nb5 30. cxb5 Red8 31. Be5 {[#] Hoping for bxa6.} Qxd5 32. Qxd5 Rxd5 33. Bxb8 axb5 34. Rde1 Rd8 35. Bc7 Rc8 36. Be5 a3 37. Rb1 b4 38. Rfc1 {aiming for Rxb4!} Rd8 39. Rb3 Rd5 40. Re1 f6 41. gxf6 gxf6 42. Bxf6 Rxf5 {[#]} 43. Be7 (43. Ba1 $1 $16) 43... Bg7 $1 $11 {Strongly threatening ...Re5.} 44. Bxc5 $1 {[%mdl 64] Remove Defender} Rxc5 45. Rxb4 {Threatens to win with Rb8+.} a2 {next ...Rg5+ is good for Black.} 46. Rb8+ Kf7 47. Rb4 $2 (47. Rb7+ $11 {and White is okay.} Kg8 48. Rb8+ Kf7 49. Rb7+ Kg8 50. Rb8+) 47... Kf6 $2 {Accuracy: White = 56%, Black = 51%.} ({Weaker is} 47... Rxh5 48. Ra4 $11) ({Black should play} 47... Rg5+ $19 48. Kf2 Rf5+ 49. Kg2 Bc3 {[%mdl 64] Double Attack} 50. Rb7+ Kf6) 1/2-1/2

[Event "12th KIIT International 2019"]
[Site "Odisha"]
[Date "2019.06.02"]
[Round "3.5"]
[White "Srihari L R"]
[Black "Burmakin, Vladimir"]
[Result "1/2-1/2"]
[WhiteElo "2214"]
[BlackElo "2526"]
[Annotator "ChessBase"]
[PlyCount "45"]
[EventDate "2019.01.18"]
[EventType "swiss"]
[EventCountry "IND"]
[SourceTitle "playchess.com"]
[Source "ChessBase"]
[SourceQuality "1"]
[TimeControl "5400+30"]

1. d4 {[%emt 0:00:00]} Nf6 {[%emt 0:00:00]} 2. Bg5 {[%emt 0:01:52]} c6 {[%emt 0:00:00]} 3. Nd2 {[%emt 0:02:55]} Qb6 {[%emt 0:02:44]} 4. Nb3 {[%emt 0:15:13]} d5 {[%emt 0:02:42]} 5. e3 {[%emt 0:01:22]} Ne4 {[%emt 0:03:36]} 6. Bf4 {[%emt 0:00:52]} a5 {[%emt 0:00:10]} 7. a4 {[%emt 0:09:59]} Nd7 {[%emt 0:13:49]} 8. Nf3 {[%emt 0:18:14]} h6 {[%emt 0:06:52]} 9. h4 {[%emt 0:06:28]} Ndf6 {[%emt 0:00:20]} 10. Ne5 {[%emt 0:01:02]} h5 {[%emt 0:00:25]} 11. f3 {[%emt 0:04:23]} Nd6 {[%emt 0:00:23]} 12. Bd3 {[%emt 0:01:00]} g6 {[%emt 0:11:23]} 13. c3 {[%emt 0:13:43]} Bf5 {[%emt 0:02:05]} 14. Qc2 {[%emt 0:01:22]} e6 {[%emt 0:00:36]} 15. Nc5 {[%emt 0:02:58]} Bxd3 {[%emt 0:04:51]} 16. Qxd3 {[%emt 0:01:09]} Rg8 {[%emt 0:00:45]} 17. O-O {[%emt 0:02:05]} Qc7 {[%emt 0:04:51]} 18. c4 {[%emt 0:08:18]} b6 {[%emt 0:02:32]} 19. Nb3 {[%emt 0:00:50]} dxc4 {[%emt 0:00:13]} 20. Nxc4 {[%emt 0:00:24]} Nd5 {[%emt 0:00:22]} 21. Bg3 {[%emt 0:03:38]} Qd8 {[%emt 0:02:07]} 22. Ne5 {[%emt 0:01:47]} Nb4 {[%emt 0:00:27]} 23. Qe2 {[%emt 0:01:03]} 1/2-1/2

[Event "12th KIIT International 2019"]
[Site "Odisha"]
[Date "2019.06.02"]
[Round "3.6"]
[White "Rahman, Ziaur"]
[Black "Arpita, Mukherjee"]
[Result "1/2-1/2"]
[WhiteElo "2481"]
[BlackElo "2196"]
[Annotator "ChessBase"]
[PlyCount "64"]
[EventDate "2019.01.18"]
[EventType "swiss"]
[EventCountry "IND"]
[SourceTitle "playchess.com"]
[Source "ChessBase"]
[SourceQuality "1"]
[TimeControl "5400+30"]

1. d4 {[%emt 0:00:00]} Nf6 {[%emt 0:02:09]} 2. Bg5 {[%emt 0:00:16]} Ne4 {[%emt 0:00:23]} 3. Bf4 {[%emt 0:00:07]} d5 {[%emt 0:00:20]} 4. e3 {[%emt 0:01:34]} c5 {[%emt 0:00:29]} 5. Bd3 {[%emt 0:00:22]} Nf6 {[%emt 0:00:19]} 6. Nc3 {[%emt 0:02:04]} a6 {[%emt 0:01:24]} 7. dxc5 {[%emt 0:01:19]} Nc6 {[%emt 0:00:26]} 8. Nf3 {[%emt 0:02:47]} Bg4 {[%emt 0:00:56]} 9. Be2 {[%emt 0:10:54]} e6 {[%emt 0:07:12]} 10. Nd4 {[%emt 0:01:56]} Bxe2 {[%emt 0:02:01]} 11. Qxe2 {[%emt 0:00:48]} Bxc5 {[%emt 0:01:12]} 12. Nxc6 {[%emt 0:00:06]} bxc6 {[%emt 0:00:08]} 13. O-O {[%emt 0:00:13]} Bb4 {[%emt 0:09:30]} 14. Na4 {[%emt 0:01:57]} O-O {[%emt 0:05:35]} 15. c4 {[%emt 0:02:22]} Nd7 {[%emt 0:04:43]} 16. Rac1 {[%emt 0:03:07]} e5 {[%emt 0:05:17]} 17. Bg3 {[%emt 0:02:38]} Qa5 {[%emt 0:02:14]} 18. b3 {[%emt 0:01:05]} Rfe8 {[%emt 0:13:06]} 19. Rfd1 {[%emt 0:04:23]} Ba3 {[%emt 0:03:03]} 20. Rb1 {[%emt 0:01:43]} d4 {[%emt 0:17:04]} 21. exd4 {[%emt 0:08:44]} exd4 {[%emt 0:00:07]} 22. Qf3 {[%emt 0:00:43]} c5 {[%emt 0:02:23]} 23. h4 {[%emt 0:04:09]} Nf6 {[%emt 0:01:23]} 24. Be5 {[%emt 0:03:33]} Qd8 {[%emt 0:06:43]} 25. Bxf6 {[%emt 0:01:15]} Qxf6 {[%emt 0:00:23]} 26. Qxf6 {[%emt 0:00:28]} gxf6 {[%emt 0:00:02]} 27. Nb6 {[%emt 0:00:45]} Rad8 {[%emt 0:00:03]} 28. Kf1 {[%emt 0:01:30]} a5 {[%emt 0:01:59]} 29. Nd5 {[%emt 0:02:34]} Kg7 {[%emt 0:00:39]} 30. Rd3 {[%emt 0:03:06]} Rd6 {[%emt 0:02:54]} 31. Nc7 {[%emt 0:00:54]} Rb8 {[%emt 0:00:30]} 32. Re1 {[%emt 0:01:37]} Rc6 {[%emt 0:05:57]} 1/2-1/2